| 000 | 01293naa a22003497a 4500 | ||
|---|---|---|---|
| 001 | BR7805332 | ||
| 003 | BR-BrBNA | ||
| 005 | 20240918174216.0 | ||
| 007 | ta | ||
| 008 | 230509b bl.||||| |||| 00| 0 por d | ||
| 040 |
_aBR-BrBNA _bpor _cBiblioteca Nacional de Agricultura |
||
| 041 | _a(Pt) | ||
| 072 |
_aF00; F30 _b0120 _bG514 |
||
| 090 | _aF00 BR7805332 | ||
| 100 | 1 | _aBatistela, A.A.C. | |
| 100 | 1 | _aDavid, Y.K. | |
| 100 | 1 | _aSilva, L.C.M. da | |
| 100 | 1 | _aBarni, V. | |
| 111 | 1 |
_a23. Reuniao Tecnica Anual do Milho; 7. Reuniao Tecnica Anual do Sorgo Granifero _cPorto Alegre, RS (Brazil) _d1978 |
|
| 245 | 1 | _aComportamento de dois hibridos em diferentes densidades e espacamentos [Zea mays; Brasil] | |
| 260 | 3 |
_aPorto Alegre, RS (Brasil): _c1978. |
|
| 500 | _aAta da 23. Reuniao Tecnica Anual do Milho e 7. do Sorgo Granifero Porto Alegre, RS (Brasil): 1978. p. 16 (BR7805332-AM)F00 | ||
| 650 | _aProducao vegetal | ||
| 650 | _aMelhoramento genetico vegetal | ||
| 650 | _aMilho | ||
| 650 | _aDensidade de plantio | ||
| 650 | _aEspacamento | ||
| 650 | _aHibrido | ||
| 773 | 0 |
_tAta da 23. Reuniao Tecnica Anual do Milho e 7. do Sorgo Granifero _wF00 BR7805332 _gPorto Alegre, RS (Brasil), 1978. p. 16 |
|
| 909 |
_a202404 _bLucia _c55 _dLucia Elande |
||
| 942 |
_cAM _2AGRIS |
||
| 999 |
_c309603 _d309603 |
||